| 000 | 00776cam a2200241 4500 | ||
|---|---|---|---|
| 001 | ABS61563 | ||
| 008 | 000000n1999 000 0 eng u | ||
| 035 | _a(Sirsi) u102018 | ||
| 100 | _aAhmed, L. | ||
| 245 | _aChristmas occupation | ||
| 260 | _c1999 | ||
| 490 |
_aEstates Gazette _v(9942) 23 October 1999, 132-133(2) |
||
| 520 | _aDiscusses the various types of short let, which are popular at Christmas. Highlights the potential problems and emphasises the need for documentation to be clear. | ||
| 590 | _aABS | ||
| 650 | _aSHORT LETS | ||
| 650 | _aLANDLORD AND TENANT ACT 1954 S43 | ||
| 650 | _aVACANT POSSESSION | ||
| 650 | _aTENANCY AT WILL | ||
| 650 | _aOCCUPATION | ||
| 650 | _aSHORT-TERM LETS | ||
| 690 | _aPROPERTY-LANDLORD AND TENANT | ||
| 942 | _n0 | ||
| 999 |
_c61110 _d61110 |
||